000 00546nam a2200169 i 4500
001 bg
100 1 _aJAKUBOWSKI, Romuald
245 0 _aProjektowanie dokumentacji systemów przetwarzania danych w warunkach ich automatyzacji /
_cRomuald Jakubowski.
250 _aWyd.2 zm. i uzup.
260 _aWarszawa :
_bWydawnictwa Naukowo-Techniczne,
_c1978.
490 1 _aBiblioteka Organizatora Produkcji
830 _aBiblioteka Organizatora Produkcji
040 _cBPK
041 _apol
942 _cKS
008 s pl f |000 0 pol
999 _c18039
_d18039
856 _uhttp://koha.tu.koszalin.pl/cgi-bin/koha/opac-detail.pl?biblionumber=18039
_yKatalog online BPK